[Event "V Festival Magistrale"]
[Site "Aosta ITA"]
[Date "1990.12.14"]
[Round "7"]
[White "Marinelli, Tullio"]
[Black "Gheorghiu, Florin"]
[WhiteElo "2355"]
[BlackElo "2500"]
[Result "0-1"]
[PlyCount "80"]
[EventDate "1990.12.08"]

1. d4 c5 2. d5 e5 3. e4 d6 4. Nc3 Be7 5. g3 Bg5 6. Bxg5 Qxg5 7. Bg2 Qe7 8. Nge2
Nf6 9. O-O h5 10. f4 h4 11. f5 hxg3 12. hxg3 Ng4 13. Qd2 Nd7 14. Bf3 Nh2 15.
Rf2 Nxf3+ 16. Rxf3 Nf6 17. Kg2 Bd7 18. Rff1 O-O-O 19. Rh1 g6 20. fxg6 fxg6 21.
Rxh8 Rxh8 22. Rh1 Rxh1 23. Kxh1 Qh7+ 24. Kg1 Ng4 25. Nc1 Qh3 26. Qg2 Qxg2+ 27.
Kxg2 Ne3+ 28. Kf2 Nxc2 29. Nd3 b5 30. b3 Kc7 31. Ke2 Kb6 32. Kd2 Nd4 33. b4
cxb4 34. Nxb4 a5 35. Nd3 b4 36. Nd1 Bb5 37. N3b2 a4 38. Ne3 Kc5 39. Nd3+ Bxd3
40. Kxd3 a3 0-1

[Event "V Festival Magistrale"]
[Site "Aosta ITA"]
[Date "1990.12.14"]
[Round "7"]
[White "Moskalenko, Viktor"]
[Black "Sulava, Nenad"]
[WhiteElo "2515"]
[BlackElo "2430"]
[Result "1-0"]
[PlyCount "101"]
[EventDate "1990.12.08"]

1. d4 d5 2. c4 dxc4 3. Nf3 a6 4. e3 Nf6 5. Bxc4 e6 6. O-O c5 7. Qe2 b5 8. Bb3
Bb7 9. Rd1 Nc6 10. Nc3 c4 11. Bc2 Nb4 12. Bb1 Be7 13. e4 Nd3 14. Bxd3 cxd3 15.
Qxd3 b4 16. e5 bxc3 17. exf6 c2 18. Qxc2 gxf6 19. Qa4+ Qd7 20. Qxd7+ Kxd7 21.
Ne1 Bd6 22. f3 Rhg8 23. g3 h5 24. Kf2 h4 25. Bf4 Bxf4 26. gxf4 h3 27. Rdc1 Bd5
28. Rc3 a5 29. Rac1 Ra7 30. Ra3 Kd6 31. Rc2 f5 32. Rc5 a4 33. Rb5 f6 34. Rb6+
Kd7 35. Rb4 Bc6 36. Rc3 Bd5 37. a3 Rb7 38. Rxb7+ Bxb7 39. Rc2 Kd6 40. Ke3 Rg1
41. Nd3 Rg2 42. Rxg2 hxg2 43. Kf2 Bxf3 44. Ne1 Bh5 45. Nxg2 Kd5 46. Ke3 Kc4 47.
Ne1 Kb3 48. Nd3 Kc2 49. h4 Be8 50. Nc5 Kxb2 51. Nxa4+ 1-0

[Event "V Festival Magistrale"]
[Site "Aosta ITA"]
[Date "1990.12.14"]
[Round "7"]
[White "Nicevski, Dejan"]
[Black "Sarno, Spartaco"]
[WhiteElo "2245"]
[BlackElo "2385"]
[Result "1-0"]
[PlyCount "107"]
[EventDate "1990.12.08"]

1. e4 c6 2. d4 d5 3. Nd2 dxe4 4. Nxe4 Nd7 5. Bc4 Ngf6 6. Nxf6+ Nxf6 7. c3 e6 8.
Nf3 b5 9. Bd3 Bb7 10. O-O a6 11. a4 Be7 12. Bd2 O-O 13. Qe2 Qd5 14. Rfd1 Rfd8
15. b4 h6 16. Bf4 bxa4 17. Rxa4 a5 18. Bc7 Rdc8 19. Bxa5 Bd6 20. c4 Qh5 21. Ne5
Qxe2 22. Bxe2 Ne4 23. Ra3 c5 24. bxc5 Bxe5 25. dxe5 Rxc5 26. Rd8+ Rxd8 27. Bxd8
Rxe5 28. Ra5 Rxa5 29. Bxa5 Ba6 30. Bb4 f5 31. f3 Nf6 32. Kf2 Kf7 33. Bd6 Ke8
34. Ke3 Kd7 35. Bf8 Nh5 36. f4 Nf6 37. Kd4 g6 38. Bg7 Ng8 39. Bf3 h5 40. c5 Bb5
41. Ke5 Ne7 42. Kf6 Bc4 43. Bf8 Nd5+ 44. Kxg6 Nxf4+ 45. Kg5 Nd3 46. Bxh5 Ne5
47. h4 Bd5 48. g3 Nd3 49. Bg6 Ne5 50. h5 Nxg6 51. Kxg6 Be4 52. Kf6 e5 53. Kxe5
Ke8 54. Bg7 1-0

[Event "V Festival Magistrale"]
[Site "Aosta ITA"]
[Date "1990.12.14"]
[Round "7"]
[White "Nogueiras Santiago, Jesus"]
[Black "Farago, Ivan"]
[WhiteElo "2550"]
[BlackElo "2465"]
[Result "1/2-1/2"]
[PlyCount "55"]
[EventDate "1990.12.08"]

1. Nf3 Nf6 2. d4 e6 3. e3 b6 4. Bd3 Bb7 5. O-O c5 6. b3 Be7 7. Bb2 O-O 8. c4
cxd4 9. exd4 d5 10. Nc3 Nc6 11. Rc1 Rc8 12. Re1 Nb4 13. Bf1 Re8 14. a3 Nc6 15.
cxd5 exd5 16. g3 Bf8 17. Ne5 Nxe5 18. Rxe5 Bd6 19. Rxe8+ Qxe8 20. Nb5 Bb8 21.
Qe2 Qxe2 22. Bxe2 Rxc1+ 23. Bxc1 Kf8 24. f3 Ke7 25. Kf2 Ne8 26. Bd3 g6 27. h4
Ng7 28. Nc3 1/2-1/2

[Event "V Festival Magistrale"]
[Site "Aosta ITA"]
[Date "1990.12.14"]
[Round "7"]
[White "Sadler, Matthew D."]
[Black "Flear, Glenn Curtis"]
[WhiteElo "2470"]
[BlackElo "2485"]
[Result "1/2-1/2"]
[PlyCount "93"]
[EventDate "1990.12.08"]

1. d4 d5 2. c4 e6 3. Nc3 c6 4. Nf3 dxc4 5. e3 b5 6. a4 Bb4 7. Bd2 a5 8. axb5
Bxc3 9. Bxc3 cxb5 10. b3 Bb7 11. bxc4 b4 12. Bb2 Nf6 13. Bd3 Nbd7 14. O-O O-O
15. Qc2 Qc7 16. Rfe1 Rfe8 17. c5 Ba6 18. Bxa6 Rxa6 19. e4 e5 20. Rac1 Rc6 21.
dxe5 Ng4 22. Red1 Ngxe5 23. Nxe5 Nxe5 24. Rd5 h6 25. Rcd1 Ng6 26. g3 Qe7 27. e5
Rec8 28. Bd4 Nf8 29. Be3 Qb7 30. Qa4 Ra6 31. Rd6 Ne6 32. Rb6 Nxc5 33. Rxb7 Nxa4
34. Rdd7 Nc5 35. Bxc5 Rxc5 36. Rxf7 Rxe5 37. Rxg7+ Kh8 38. Rgf7 Re8 39. f4 Rc6
40. Kg2 Kg8 41. f5 Rb8 42. Rg7+ Kh8 43. Rh7+ Kg8 44. Rbg7+ Kf8 45. Rf7+ Kg8 46.
f6 Rxf6 47. Rhg7+ 1/2-1/2

[Event "V Festival Magistrale"]
[Site "Aosta ITA"]
[Date "1990.12.15"]
[Round "8"]
[White "Arakhamia, Ketevan"]
[Black "Gallagher, Joseph G."]
[WhiteElo "2380"]
[BlackElo "2500"]
[Result "0-1"]
[PlyCount "98"]
[EventDate "1990.12.08"]

1. e4 c5 2. Nf3 d6 3. d4 cxd4 4. Nxd4 Nf6 5. Nc3 a6 6. Bc4 e6 7. Bb3 b5 8. O-O
Bb7 9. Re1 Nbd7 10. Bg5 Qb6 11. a3 Be7 12. Be3 Nc5 13. Ba2 Qc7 14. f3 O-O 15.
Qd2 Rac8 16. g4 Nfd7 17. b4 Ne5 18. f4 Ncd7 19. fxe5 Qxc3 20. Qxc3 Rxc3 21.
exd6 Bxd6 22. Nxe6 Ne5 23. Bd4 Rxc2 24. Bxe5 Bxe5 25. Nxf8 Bxa1 26. Rxa1 Kxf8
27. Bd5 Bxd5 28. exd5 Ke7 29. Re1+ Kd6 30. Re8 Kxd5 31. Re7 Rc4 32. h3 Rf4 33.
Kg2 Kc4 34. Kg3 Rf6 35. g5 Rg6 36. Kf4 f6 37. h4 fxg5+ 38. hxg5 Kb3 39. Re3+
Kb2 40. Kf5 Rc6 41. Rh3 h6 42. gxh6 gxh6 43. Ke5 Rc3 44. Rxh6 Kxa3 45. Rxa6+
Kxb4 46. Kd4 Rc1 47. Kd3 Kb3 48. Kd2 Rc8 49. Ra1 b4 0-1

[Event "V Festival Magistrale"]
[Site "Aosta ITA"]
[Date "1990.12.15"]
[Round "8"]
[White "Gaprindashvili, Nona"]
[Black "Nishimura, Hiroyuki"]
[WhiteElo "2435"]
[BlackElo "2205"]
[Result "1-0"]
[PlyCount "87"]
[EventDate "1990.12.08"]

1. d4 Nf6 2. c4 c5 3. d5 e5 4. Nc3 d6 5. e4 Be7 6. h3 Nbd7 7. Nf3 Nf8 8. Be3
Ng6 9. Qc2 O-O 10. g3 a6 11. a4 Bd7 12. a5 b5 13. axb6 Qxb6 14. Bd3 Rfb8 15.
Bc1 h6 16. Kf1 Nh7 17. Kg2 Bg5 18. Nd2 h5 19. h4 Bh6 20. Ra2 Nf6 21. Nf1 Bxc1
22. Qxc1 Qd8 23. Ne3 Rb6 24. Qd2 Rab8 25. Rha1 Qc8 26. f3 Qb7 27. Ncd1 Bc8 28.
Bc2 Ne7 29. b3 Nh7 30. Ra3 g6 31. g4 Kh8 32. Nf2 Bd7 33. Rg1 Rg8 34. Kf1 Bc8
35. Ke2 Qd7 36. Raa1 Rb8 37. Qc3 f6 38. gxh5 gxh5 39. Rxg8+ Kxg8 40. Rg1+ Kf7
41. Nf5 Nxf5 42. exf5 Bb7 43. Ne4 Rg8 44. Rg6 1-0

[Event "V Festival Magistrale"]
[Site "Aosta ITA"]
[Date "1990.12.15"]
[Round "8"]
[White "Legky, Nikolay A."]
[Black "Milos, Gilberto"]
[WhiteElo "2405"]
[BlackElo "2540"]
[Result "1-0"]
[PlyCount "93"]
[EventDate "1990.12.08"]

1. d4 Nf6 2. Nf3 g6 3. c4 Bg7 4. Nc3 O-O 5. e4 d6 6. Be2 e5 7. O-O Nc6 8. d5
Ne7 9. Bg5 Nh5 10. g3 f5 11. exf5 Bxf5 12. Nd2 Bh3 13. Re1 Nf6 14. Nde4 Nf5 15.
g4 Nd4 16. f3 h6 17. Nxf6+ Bxf6 18. Bxh6 Bh4 19. Qd3 Kh7 20. Bxf8 Bxe1 21. Rxe1
Qh4 22. Rc1 Rxf8 23. Ne4 Qh6 24. Re1 Kg7 25. Nf2 Rh8 26. f4 Bg2 27. Qg3 exf4
28. Qxg2 f3 29. Bxf3 Qxh2+ 30. Kf1 Qf4 31. Re7+ Kf8 32. Re4 Qd2 33. Qg3 g5 34.
c5 Rh6 35. cxd6 cxd6 36. Kg2 Qxb2 37. Re6 Nxe6 38. Qxd6+ Kg7 39. dxe6 Qf6 40.
Qc7+ Kf8 41. Qb8+ Kg7 42. Qxb7+ Kg8 43. Qa8+ Qf8 44. Qxf8+ Kxf8 45. Bd5 Ke7 46.
Ne4 Rg6 47. Ng3 1-0

[Event "V Festival Magistrale"]
[Site "Aosta ITA"]
[Date "1990.12.15"]
[Round "8"]
[White "Manca, Federico"]
[Black "Sadler, Matthew D."]
[WhiteElo "2360"]
[BlackElo "2470"]
[Result "1/2-1/2"]
[PlyCount "137"]
[EventDate "1990.12.08"]

1. e4 c5 2. c3 d6 3. Nf3 Nf6 4. Be2 e6 5. O-O Nc6 6. d3 Be7 7. Re1 O-O 8. Bf1
e5 9. h3 Bd7 10. d4 Qc7 11. dxc5 dxc5 12. Bg5 Rad8 13. Bxf6 Bxf6 14. Nbd2 Na5
15. Qc2 Be6 16. b3 Rd7 17. Nc4 Rfd8 18. Ne3 g6 19. Rad1 a6 20. Ng4 Bg7 21. Qc1
f6 22. Qc2 b5 23. Ne3 c4 24. b4 Nc6 25. Rxd7 Rxd7 26. Nh2 Qd8 27. a4 Bh6 28.
Nhg4 Bg5 29. axb5 axb5 30. Qa2 Ra7 31. Qb2 Kg7 32. Rd1 Rd7 33. Ra1 Qc8 34. g3
h5 35. Nh2 Ra7 36. Rxa7+ Nxa7 37. h4 Bh6 38. Nd5 Qd7 39. Qa2 Bxd5 40. exd5 Nc8
41. Bg2 Nb6 42. Qe2 Na4 43. g4 Nxc3 44. Qf3 Bd2 45. gxh5 e4 46. h6+ Kh7 47. Qg4
Qxg4 48. Nxg4 Nxd5 49. Bxe4 Nxb4 50. h5 Bxh6 51. Nxh6 Kg7 52. Ng4 f5 53. h6+
Kh8 54. Kf1 fxe4 55. Ke2 Nd3 56. Kd2 b4 57. Kc2 Nxf2 58. Nxf2 e3 59. Ne4 Kh7
60. Kd1 c3 61. Nf6+ Kxh6 62. Nd5 e2+ 63. Kxe2 c2 64. Kd2 b3 65. Ne7 Kg5 66. Nc6
Kf4 67. Nd4 g5 68. Nxb3 g4 69. Nd4 1/2-1/2

[Event "V Festival Magistrale"]
[Site "Aosta ITA"]
[Date "1990.12.15"]
[Round "8"]
[White "Mestrovic, Zvonimir"]
[Black "Borgo, Giulio"]
[WhiteElo "2470"]
[BlackElo "2355"]
[Result "0-1"]
[PlyCount "108"]
[EventDate "1990.12.08"]

1. Nc3 d5 2. e4 Nf6 3. e5 d4 4. Nce2 Ng4 5. f4 h5 6. h3 Nh6 7. Nf3 Nf5 8. d3 c5
9. g3 Nc6 10. a3 e6 11. Bg2 Nce7 12. O-O Nd5 13. Rf2 Be7 14. Bh1 Bd7 15. c3
dxc3 16. bxc3 Bc6 17. Kh2 Qd7 18. c4 Nde3 19. Bxe3 Nxe3 20. Qd2 Ng4+ 21. hxg4
hxg4+ 22. Kg1 gxf3 23. Bxf3 O-O-O 24. Rd1 Rh3 25. Qe3 Rdh8 26. Kf1 Bd8 27. Rg2
Bxf3 28. Qxf3 Qa4 29. Rb1 Bb6 30. Nc3 Rh1+ 31. Rg1 Rxg1+ 32. Kxg1 Qc2 33. Rxb6
axb6 34. Nd1 Qd2 35. Nf2 Qc1+ 36. Kg2 g6 37. a4 Qa1 38. Qd1 Qxd1 39. Nxd1 Kd7
40. Nc3 Ke7 41. Kf3 Rh1 42. Ne4 Ra1 43. Nd6 Rxa4 44. Nxb7 Ra7 45. Nd6 Rd7 46.
Kg4 Rxd6 47. exd6+ Kxd6 48. Kg5 Ke7 49. g4 Kf8 50. Kf6 Ke8 51. Ke5 Ke7 52. g5
f6+ 53. Ke4 e5 54. f5 fxg5 0-1

[Event "V Festival Magistrale"]
[Site "Aosta ITA"]
[Date "1990.12.15"]
[Round "8"]
[White "Rodriguez Cespedes, Amador"]
[Black "Zueger, Beat"]
[WhiteElo "2515"]
[BlackElo "2425"]
[Result "1-0"]
[PlyCount "103"]
[EventDate "1990.12.08"]

1. e4 e6 2. d4 d5 3. Nc3 Nf6 4. Bg5 Be7 5. e5 Nfd7 6. Bxe7 Qxe7 7. f4 O-O 8.
Nf3 c5 9. Qd2 Nc6 10. O-O-O Nb6 11. dxc5 Qxc5 12. Bd3 Bd7 13. Kb1 Rac8 14. Nb5
f6 15. exf6 Rxf6 16. Rhe1 Na4 17. b3 a6 18. bxa4 axb5 19. Bxb5 Be8 20. Rc1 Bg6
21. Kb2 Qb6 22. c4 Rd8 23. c5 Qc7 24. g3 h6 25. Ne5 Nxe5 26. Rxe5 Be4 27. c6
Rb8 28. Qc3 bxc6 29. Qxc6 Qa5 30. Ka1 Qd2 31. Qc3 Qxh2 32. Bd7 Bf5 33. a5 Rg6
34. Re3 Qf2 35. a6 d4 36. Qxd4 Rxg3 37. Rd3 Qxd4+ 38. Rxd4 Ra3 39. Rc8+ Rxc8
40. Bxc8 h5 41. Kb2 Ra5 42. Kb3 h4 43. Bb7 e5 44. Rd2 exf4 45. Kb4 Rxa6 46.
Bxa6 Kf7 47. a4 g5 48. Bb7 g4 49. a5 g3 50. a6 h3 51. a7 g2 52. Rxg2 1-0

[Event "V Festival Magistrale"]
[Site "Aosta ITA"]
[Date "1990.12.16"]
[Round "9"]
[White "Larsen, Steen Skovlund"]
[Black "Garcia, Alvaro"]
[WhiteElo "2280"]
[BlackElo "2245"]
[Result "1/2-1/2"]
[PlyCount "43"]
[EventDate "1990.12.08"]

1. d4 Nf6 2. c4 e6 3. Nc3 d5 4. Nf3 Nbd7 5. e3 c6 6. Bd3 Bd6 7. O-O O-O 8. e4
dxc4 9. Bxc4 e5 10. a3 Qe7 11. Be3 exd4 12. Bxd4 Ne5 13. Nxe5 Bxe5 14. Bxe5
Qxe5 15. Qf3 Rd8 16. h3 Rd4 17. Bd3 Be6 18. Qe3 Rad8 19. Bc2 Rd2 20. Rad1 Rxd1
21. Rxd1 Rxd1+ 22. Bxd1 1/2-1/2

[Event "V Festival Magistrale"]
[Site "Aosta ITA"]
[Date "1990.12.16"]
[Round "9"]
[White "Mantovani, Renzo"]
[Black "Cebalo, Miso"]
[WhiteElo "2355"]
[BlackElo "2505"]
[Result "1-0"]
[PlyCount "111"]
[EventDate "1990.12.08"]

1. d4 Nf6 2. Nf3 e6 3. c4 b6 4. Nc3 Bb4 5. Bg5 h6 6. Bh4 Bxc3+ 7. bxc3 Bb7 8.
e3 d6 9. Nd2 Nbd7 10. f3 Qe7 11. Bd3 g5 12. Bf2 O-O-O 13. Qe2 Nh5 14. Be4 f5
15. Bxb7+ Kxb7 16. O-O Rhg8 17. Nb3 c5 18. Rfb1 Kc7 19. a4 a5 20. Ra2 e5 21.
Rab2 Qf7 22. Nxa5 Ra8 23. Nb3 Rxa4 24. Ra2 Rga8 25. Rxa4 Rxa4 26. Nd2 Ra2 27.
Qd1 Qe8 28. Ra1 Qa8 29. Rxa2 Qxa2 30. Qc1 Nhf6 31. Kf1 Kb7 32. Ke2 d5 33. cxd5
Nxd5 34. c4 Nb4 35. Qb1 Qxb1 36. Nxb1 f4 37. exf4 exf4 38. Nc3 Kc6 39. Ne4 Nc2
40. Kd3 Nxd4 41. Bxd4 cxd4 42. Kxd4 Nf8 43. h4 Ng6 44. h5 Nh4 45. Nxg5 Nf5+ 46.
Ke5 Ng7 47. Nh3 Nxh5 48. Nxf4 Nxf4 49. Kxf4 Kc5 50. Ke5 Kxc4 51. f4 b5 52. f5
b4 53. f6 b3 54. f7 b2 55. f8=Q b1=Q 56. Qc8+ 1-0

[Event "V Festival Magistrale"]
[Site "Aosta ITA"]
[Date "1990.12.16"]
[Round "9"]
[White "Marinelli, Tullio"]
[Black "Rodriguez Cespedes, Amador"]
[WhiteElo "2355"]
[BlackElo "2515"]
[Result "0-1"]
[PlyCount "68"]
[EventDate "1990.12.08"]

1. d4 Nf6 2. c4 e6 3. Nc3 Bb4 4. Qc2 O-O 5. e3 b6 6. Bd3 Bb7 7. f3 d5 8. cxd5
exd5 9. Nge2 c5 10. O-O Nc6 11. a3 cxd4 12. Nxd4 Nxd4 13. exd4 Bd6 14. Bg5 h6
15. Bh4 Rc8 16. Rae1 Bf4 17. Re2 a6 18. Rfe1 b5 19. Re7 Qb6 20. Bxf6 Qxf6 21.
Rxb7 Qxd4+ 22. Kh1 Bxh2 23. g4 Bd6 24. Qd2 Qf6 25. Bf5 Qh4+ 26. Kg1 Qg3+ 27.
Kf1 Rce8 28. Re3 Bc5 29. Rxe8 Rxe8 30. Be4 dxe4 31. fxe4 Re6 32. Ke2 Qg2+ 33.
Kd1 Rd6 34. Nd5 Qxe4 0-1

[Event "V Festival Magistrale"]
[Site "Aosta ITA"]
[Date "1990.12.16"]
[Round "9"]
[White "Palac, Mladen"]
[Black "Van Der Sterren, Paul"]
[WhiteElo "2485"]
[BlackElo "2485"]
[Result "0-1"]
[PlyCount "64"]
[EventDate "1990.12.08"]

1. e4 c6 2. d4 d5 3. Nd2 dxe4 4. Nxe4 Bf5 5. Ng3 Bg6 6. Nf3 Nd7 7. h4 h6 8. h5
Bh7 9. Bd3 Bxd3 10. Qxd3 Qc7 11. Bd2 e6 12. O-O-O Ngf6 13. Ne4 O-O-O 14. g3
Nxe4 15. Qxe4 Bd6 16. c4 c5 17. Bc3 Nf6 18. Qe2 cxd4 19. Bxd4 Qa5 20. Kb1 Qf5+
21. Ka1 Bb8 22. c5 Qe4 23. Qxe4 Nxe4 24. Bxg7 Nxf2 25. Rxd8+ Rxd8 26. Rg1 Ng4
27. b4 f6 28. Re1 Rg8 29. Rxe6 Kd7 30. Rxf6 Nxf6 31. Bxf6 Rxg3 32. Nd4 Re3 0-1